000 00521nam a2200181Ia 4500
008 090124s9999 xx 000 0 und d
082 _b110914
100 _aकेळकर न. चि.
245 _a भारतीय नवरत्ने
250 _a1
260 _c1964
300 _a96
600 _aकेळकर न. चि.
630 _a भारतीय नवरत्ने
700 _aकेळकर न. चि.
730 _a भारतीय नवरत्ने
942 _cBOOK
999 _c157005
_d157005